000 00494nam a22001817a 4500
003 OSt
005 20140311134813.0
008 130607t xxu||||| |||| 00| 0 eng d
050 _aTX 158
_b.H357 1983 v.1
082 _aM 640
_bH27 1983
245 _aBetty-Anne's helpful household hints
_cHastings, Betty-Anne; Connors, Mary-Beth
260 _aNew York :
_bVentura Books,
_cc1983.
300 _a127 p.
_c17 cm.
942 _2lcc
_cBK
_kM
999 _c35853
_d35853